Las muertes concéntricas
Αποθηκεύτηκε σε:
| Κύριος συγγραφέας: | |
|---|---|
| Μορφή: | Βιβλίο |
| Γλώσσα: | Ισπανικά |
| Έκδοση: |
Buenos Aires
Libreria La Ciudad
1979
|
| Σειρά: | <La >Biblioteca de Babel, 3
|
| Θέματα: | |
| Ετικέτες: |
Προσθήκη ετικέτας
Δεν υπάρχουν, Καταχωρήστε ετικέτα πρώτοι!
|
MARC
| LEADER | 00000nam a2200000 a 4500 | ||
|---|---|---|---|
| 001 | UCQ0057 | ||
| 003 | CL-VaPUC | ||
| 008 | 980619e19790000AG |||||||||||||||||spa|d | ||
| 082 | 0 | 4 | |a 813 |b LON |2 21 |
| 100 | |a London, Jack |e autor |9 342822 | ||
| 245 | 1 | 4 | |a Las muertes concéntricas |
| 300 | |a 121 p | ||
| 942 | |c BK | ||
| 945 | |d 19980619 00:00:00 |a mvenant | ||
| 260 | |a Buenos Aires |b Libreria La Ciudad |c 1979 | ||
| 650 | 0 | |a Cuentos estadounidenses |9 265133 | |
| 650 | 7 | |a LITERATURA FANTASTICA ESTADOUNIDENSES |2 CL-VaPUC |9 413063 | |
| 650 | 0 | |a Literatura fantástica |9 266050 | |
| 583 | |a last modification |c 19980619 00:00:00 |k Rodrigo Vera | ||
| 490 | 0 | |a <La >Biblioteca de Babel, 3 | |
| 999 | |c 271219 |d 271217 | ||
| 952 | |0 0 |1 0 |4 0 |6 813_000000000000000_LON_1979 |7 0 |8 A |9 305808 |a BIBARQ |b BIBARQ |d 2019-11-20 |i 3437221 |o 813 LON 1979 |p 3437221 |r 2025-01-20 |w 2019-11-20 |y BK |k ARQ | ||